000 00648nam a2200229Ia 4500
005 20230418162414.0
008 230125s9999 xx 000 0 und d
020 _a978935023296
041 _aeng
082 _a658.152
_bSRI
100 _aSridhar A N
_9118233
245 _aFutures & Options : Equities - Trading Strategies & Skills
250 _a4th Ed.
260 _c2019
_bShroff publisher and distributors
_aMumbai
300 _a373p
500 _aOptions futures and other derivatives
650 _aOptions futures and other derivatives
_9180861
700 _aSridhar A N
_9118233
906 _b217
942 _cBK
999 _c96244
_d96244